|
|
|
|
| LEADER |
00000nam a22000007a 4500 |
| 005 |
20210226232022.0 |
| 007 |
cr|||| |||| |
| 008 |
210226t2021 us |||||s|||| 00||0 eng d |
| 020 |
|
|
|a 978-1-61438-884-5
|
| 035 |
|
|
|a 33069
|
| 040 |
|
|
|a vLex
|
| 090 |
|
|
|c 11310
|d 11310
|
| 100 |
1 |
|
|a Woods, Will K.
|
| 245 |
1 |
0 |
|a Fundamentals of International Franchising
|h [Recurso electrn̤ico] /
|c Will K. Woods
|
| 256 |
|
|
|a Servicio en ln̕ea
|
| 260 |
|
|
|a Chicago:
|b American Bar Association,
|c 2021
|
| 300 |
|
|
|a 1 recurso electrn̤ico
|
| 506 |
1 |
|
|a Disponible solo en los productos indicados
|d vLex Global
|d vLex Global (Academic Edition, excluding Law Schools)
|d vLex Global (Academic Edition, Law Schools)
|
| 650 |
0 |
4 |
|a Derecho Mercantil y de la Empresa
|z Estados Unidos
|
| 740 |
0 |
|
|a vLex Libros (Servicio en ln̕ea)
|
| 856 |
4 |
0 |
|u http://vlex.com/source/fundamentals-franchising-second-edition-33069
|z Acceso restringido
|
| 942 |
|
|
|c BOOK
|
| 999 |
0 |
|
|a Commercial and Company Law
|